|
|
|
|
| LEADER |
01062nam a2200265 a 4500 |
| 001 |
895805 |
| 008 |
990908m20082007enka b 001 0 eng d |
| 020 |
|
|
|a 9788177586411
|
| 020 |
|
|
|a 9780582327887
|
| 020 |
|
|
|a 0582327881
|
| 040 |
|
|
|a UKM
|c UKM
|d DB-DhAAL
|
| 082 |
0 |
4 |
|a 572.80285
|2 21
|
| 100 |
1 |
|
|a Attwood, Teresa K.
|
| 245 |
1 |
0 |
|a Introduction to bioinformatics /
|c Teresa K. Attwood and David J. Parry-Smith.
|
| 260 |
|
|
|a Harlow, Essex, England ;
|a New Delhi :
|b Pearson Education,
|c 2008.[impression 2009]
|
| 300 |
|
|
|a xvii, 237 p. :
|b ill. ;
|c 24 cm.
|
| 490 |
1 |
|
|a Cell and molecular biology in action series
|
| 504 |
|
|
|a Includes bibliographical references and index.
|
| 541 |
1 |
|
|e 00021107
|
| 650 |
1 |
2 |
|a Computational Biology
|
| 700 |
1 |
|
|a Parry-Smith, David J.
|
| 830 |
0 |
|
|a Cell and molecular biology in action
|
| 852 |
4 |
|
|a Ayesha Abed Library
|j General Shelf.
|
| 999 |
|
|
|c 9586
|d 9586
|
| 952 |
|
|
|0 0
|1 0
|2 ddc
|4 0
|6 572_802850000000000_ATT_2009
|7 0
|9 12187
|a BRACUL
|b BRACUL
|c GEN
|d 2010-09-29
|l 20
|m 112
|o 572.80285 ATT
|p 3010021107
|r 2026-05-17
|s 2025-11-23
|t 1
|w 2010-09-29
|y BK
|